Rizikový kapitál - inovatívny finančný nástroj
Teoretické vymedzenie pojmu rizikový kapitál. Typy investícií rizikového kapitálu. Vlastnosti jednotlivých typov investícií rizikového kapitálu. Subjekty poskytujúce rizikový kapitál. Obchodní anjeli (Business Angels).
Guardado en:
| Autor principal: | |
|---|---|
| Formato: | Capítulo de libro |
| Lenguaje: | eslovaco |
| Materias: | |
| Etiquetas: |
Sin Etiquetas, Sea el primero en etiquetar este registro!
|
MARC
| LEADER | 00000nla$a2200000$$$4500 | ||
|---|---|---|---|
| 001 | 0124120 | ||
| 005 | 20240502072412.6 | ||
| 041 | 0 | |a slo | |
| 044 | |a SK | ||
| 245 | 1 | 0 | |a Rizikový kapitál - inovatívny finančný nástroj |c Emília Spišáková |
| 520 | |a Teoretické vymedzenie pojmu rizikový kapitál. Typy investícií rizikového kapitálu. Vlastnosti jednotlivých typov investícií rizikového kapitálu. Subjekty poskytujúce rizikový kapitál. Obchodní anjeli (Business Angels). | ||
| 610 | 2 | 0 | |a kapitál rizikový |
| 610 | 2 | 0 | |a nástroje finančné |
| 610 | 2 | 0 | |a nástroje investičné |
| 610 | 2 | 0 | |a kapitál rozvojový |
| 610 | 2 | 0 | |a investovanie |
| 610 | 2 | 0 | |a podnik malý |
| 610 | 2 | 0 | |a podnik stredný |
| 610 | 2 | 0 | |a inovácia |
| 100 | 1 | |a Spišáková, Emília, 1983- | |